<?xml version="1.0" encoding="UTF-8"?>
<record
    xmlns:xsi="http://www.w3.org/2001/XMLSchema-instance"
    xsi:schemaLocation="http://www.loc.gov/MARC21/slim http://www.loc.gov/standards/marcxml/schema/MARC21slim.xsd"
    xmlns="http://www.loc.gov/MARC21/slim">

  <leader>01430nam a2200277 a 4500</leader>
  <controlfield tag="003">DO-SdBNP</controlfield>
  <controlfield tag="005">20220126100346.0</controlfield>
  <controlfield tag="007">ta</controlfield>
  <controlfield tag="008">220125e2012    dr adb|gr|||| 001 0 spa d</controlfield>
  <datafield tag="040" ind1=" " ind2=" ">
    <subfield code="a">DO-SdBNP</subfield>
    <subfield code="b">spa</subfield>
    <subfield code="c">BNPHU</subfield>
  </datafield>
  <datafield tag="082" ind1=" " ind2="4">
    <subfield code="2">22</subfield>
    <subfield code="b">P699n</subfield>
  </datafield>
  <datafield tag="245" ind1="1" ind2="0">
    <subfield code="a">Plan Nacional de desarrollo de la industria minera e hidrocarburos :</subfield>
    <subfield code="b">Rep&#xFA;blica Dominicana, 2012 - 2030 /</subfield>
    <subfield code="c">Marc&#xF3; U. P&#xE9;rez, Miguel A. Pe&#xF1;a, Juan A. Gil</subfield>
  </datafield>
  <datafield tag="260" ind1=" " ind2=" ">
    <subfield code="a">Santo Domingo :</subfield>
    <subfield code="b">CAMPE,</subfield>
    <subfield code="c">2012</subfield>
  </datafield>
  <datafield tag="300" ind1=" " ind2=" ">
    <subfield code="a">57 [4] p. :</subfield>
    <subfield code="b">il., mapas;</subfield>
    <subfield code="c">28 cm</subfield>
  </datafield>
  <datafield tag="505" ind1="0" ind2=" ">
    <subfield code="a"> Prefacio.       </subfield>
    <subfield code="t">1. Introducci&#xF3;n.</subfield>
    <subfield code="t">2. Estado actual del sector.--</subfield>
    <subfield code="t">3. Planificaci&#xF3;n y Desarrollo de la Industria Minera-Hidrocarburo.--</subfield>
    <subfield code="t">4. Potencial Minero-Hidrocarburos de la Rep&#xFA;blica Dominicana.--</subfield>
    <subfield code="t">5. El sector minero y la Econom&#xED;a dominicana.--</subfield>
    <subfield code="t">6. Plan Nacional de desarrollo de la Industria Minera.--</subfield>
    <subfield code="t">7. Proyectos a corto y mediano plazo del Sector Minero.--</subfield>
    <subfield code="t">8. Conclusi&#xF3;n.--</subfield>
    <subfield code="t">9. Referencias.</subfield>
  </datafield>
  <datafield tag="650" ind1=" " ind2="4">
    <subfield code="9">73170</subfield>
    <subfield code="a">Industria Minera</subfield>
    <subfield code="z">Rep&#xFA;blica Dominicana</subfield>
  </datafield>
  <datafield tag="650" ind1=" " ind2="4">
    <subfield code="9">73198</subfield>
    <subfield code="a">Hidrocarburos</subfield>
    <subfield code="z">Rep&#xFA;blica Dominicana</subfield>
  </datafield>
  <datafield tag="650" ind1=" " ind2="4">
    <subfield code="9">51526</subfield>
    <subfield code="a">Planificaci&#xF3;n Industrial</subfield>
    <subfield code="z">Rep&#xFA;blica Dominicana</subfield>
  </datafield>
  <datafield tag="650" ind1=" " ind2="0">
    <subfield code="9">53171</subfield>
    <subfield code="a">Planes de Desarrollo</subfield>
    <subfield code="z">Rep&#xFA;blica Dominicana</subfield>
  </datafield>
  <datafield tag="700" ind1="1" ind2=" ">
    <subfield code="a">P&#xE9;rez, Marc&#xF3; U.  </subfield>
    <subfield code="9">81009</subfield>
  </datafield>
  <datafield tag="700" ind1="1" ind2=" ">
    <subfield code="a"> Pe&#xF1;a, Miguel A.</subfield>
    <subfield code="9">81010</subfield>
  </datafield>
  <datafield tag="700" ind1="1" ind2=" ">
    <subfield code="a">Gil, Juan A. </subfield>
    <subfield code="9">81011</subfield>
  </datafield>
  <datafield tag="710" ind1="2" ind2=" ">
    <subfield code="a">C&#xE1;mara Minera Petrolera (Rep&#xFA;blica Dominicana)</subfield>
    <subfield code="9">81015</subfield>
  </datafield>
  <datafield tag="910" ind1=" " ind2=" ">
    <subfield code="a">MFeliz</subfield>
  </datafield>
  <datafield tag="942" ind1=" " ind2=" ">
    <subfield code="2">ddc</subfield>
    <subfield code="c">LBS1</subfield>
  </datafield>
  <datafield tag="952" ind1=" " ind2=" ">
    <subfield code="0">0</subfield>
    <subfield code="1">0</subfield>
    <subfield code="2">ddc</subfield>
    <subfield code="5">1</subfield>
    <subfield code="7">0</subfield>
    <subfield code="8">MO</subfield>
    <subfield code="a">BNPHU</subfield>
    <subfield code="b">PD</subfield>
    <subfield code="c">HD</subfield>
    <subfield code="d">2018-07-25</subfield>
    <subfield code="e">Donado por CERTV</subfield>
    <subfield code="l">0</subfield>
    <subfield code="o">P699n</subfield>
    <subfield code="p">2022-0228</subfield>
    <subfield code="r">2022-01-25</subfield>
    <subfield code="w">2022-01-25</subfield>
    <subfield code="y">LBS1</subfield>
  </datafield>
  <datafield tag="999" ind1=" " ind2=" ">
    <subfield code="c">51224</subfield>
    <subfield code="d">51224</subfield>
  </datafield>
</record>
